Sportif québécois - Statistiques

Statistiques générales
  • Ce quiz a été pris 192 fois
  • Le résultat moyen est 8 sur 16
Statistiques - réponses
Athlètes Sports % Correct
Laurent Duvernay-Tardif Football
94%
Jonathan Drouin Hockey
92%
Félix Auger-Aliassime Tennis
87%
Samuel Piette Soccer
82%
Lucian Bute Boxe
69%
Lance Stroll Formule 1
62%
Abraham Torro Baseball
53%
Luguentz Dort Basketball
50%
Alex Harvey Ski de fond
41%
Mikaël Kingsbury Ski acrobatique
36%
Hugo Houle Cyclisme
27%
Laurent Dubreuil Patinage de vitesse
22%
Antoine Valois-Fortier Judo
20%
Vincent Imbeau-Dulac Plongeon
13%
Maxence Parrot Surf des neiges
4%
Georges St-Pierre Art matiaux mixtes
0%
Aucun quiz correspondant
Distribution des résultats
% des personnes avec chaque résultat
Percentile par nombre de réponses
Votre historique - résultats
Vous n’avez pas pris ce quiz